[Event "Oberliga Nord O 1920"]
[Site "Germany"]
[Date "2020.03.01"]
[Round "7.3"]
[White "Perestjuk, Marko"]
[Black "Hansen, Kay"]
[Result "0-1"]
[WhiteElo "2122"]
[BlackElo "2141"]
[PlyCount "68"]
[EventDate "2019.09.29"]
[EventType "team-tourn"]
[EventRounds "9"]
[EventCountry "GER"]
[SourceTitle "CBM 195 Extra"]
[Source "ChessBase"]
[SourceDate "2020.05.31"]
[SourceVersion "1"]
[SourceVersionDate "2020.05.31"]
[SourceQuality "1"]

1. e4 c6 2. d4 d5 3. e5 Bf5 4. h4 h5 5. c4 e6 6. Nc3 Ne7 7. Bg5 dxc4 8. Bxc4 Qb6 9. Qd2 Nd7 10. Nge2 0-0-0 11. Qc1 f6 12. exf6 gxf6 13. Be3 Qb4 14. Bb3 Nb6 15. 0-0 Ned5 16. Bd2 Qe7 17. a4 Qg7 18. a5 Nxc3 19. Qxc3 Nd5 20. Bxd5 Rxd5 21. a6 Rb5 22. axb7+ Qxb7 23. Rxa7 Rb3 24. Qa5 Qb6 25. Qa4 Rxb2 26. Rc1 Bc2 27. Qa1 Bd6 28. Ra8+ Bb8 29. Ra6 Qb3 30. Rxc6+ Kd7 31. Rc3 Rb1 32. Qa6 Bd3 33. Rxb1 Qxb1+ 34. Rc1 Qxc1+ 0-1

[Event "AUT-chT2O 1112"]
[Site "Austria"]
[Date "2012.03.17"]
[Round "8.2"]
[White "Hansen, Kay"]
[Black "Varga, Zoltan"]
[Result "0-1"]
[WhiteElo "2217"]
[BlackElo "2474"]
[PlyCount "56"]
[EventDate "2011.10.15"]
[EventType "team-tourn"]
[EventRounds "11"]
[EventCountry "AUT"]
[SourceTitle "EXT 2013"]
[Source "ChessBase"]
[SourceDate "2012.11.22"]
[SourceVersion "1"]
[SourceVersionDate "2012.11.22"]
[SourceQuality "1"]
[WhiteTeam "Niederabsdorf"]
[BlackTeam "Lackenbach"]
[WhiteTeamCountry "AUT"]
[BlackTeamCountry "AUT"]

1. d4 d5 2. Nf3 c6 3. c3 Bg4 4. Bf4 Bxf3 5. exf3 Nd7 6. Bd3 g6 7. Nd2 Bg7 8. 0-0 e6 9. Re1 Ne7 10. b4 a5 11. Rb1 axb4 12. Rxb4 b6 13. Ra4 0-0 14. Rxa8 Qxa8 15. Qb3 Qa7 16. Bd6 Bf6 17. c4 Ra8 18. Bxe7 Bxe7 19. cxd5 cxd5 20. Bb1 Bf6 21. Qd3 Qa4 22. Nb3 Nb8 23. g3 Nc6 24. Rd1 Qb4 25. h4 Ra3 26. Rc1 Nxd4 27. Rc8+ Kg7 28. Bc2 Rxa2 0-1

[Event "Oberwart op"]
[Site "Oberwart"]
[Date "2011.07.15"]
[Round "7"]
[White "Hansen, Kay"]
[Black "Stolterfoht, Daniel"]
[Result "1-0"]
[WhiteElo "2205"]
[BlackElo "2118"]
[PlyCount "87"]
[EventDate "2011.07.09"]
[EventType "swiss"]
[EventRounds "9"]
[EventCountry "AUT"]
[SourceTitle "CBM 143 Extra"]
[Source "ChessBase"]
[SourceDate "2011.08.29"]
[SourceVersion "1"]
[SourceVersionDate "2011.08.29"]
[SourceQuality "1"]

1. g3 d5 2. Bg2 Nf6 3. c4 e6 4. b3 Be7 5. Nf3 b6 6. cxd5 Nxd5 7. Bb2 0-0 8. 0-0 Bb7 9. Nc3 c5 10. Rc1 Nd7 11. d4 Nxc3 12. Bxc3 Nf6 13. dxc5 Bxc5 14. b4 Be7 15. Qb3 Bd5 16. Qb2 Rc8 17. b5 Qd6 18. Nd4 Bxg2 19. Kxg2 Ne4 20. Nc6 Bg5 21. Rcd1 Qc5 22. Bxg7 Rfe8 23. Bd4 Qf5 24. Nxa7 Ra8 25. Bxb6 Re7 26. f3 Nf6 27. h4 Bh6 28. Rd8+ Rxd8 29. Bxd8 Nd5 30. Bxe7 Ne3+ 31. Kf2 Qh3 32. Bg5 Bg7 33. Qxg7+ Kxg7 34. Bxe3 Qh2+ 35. Ke1 Qxg3+ 36. Bf2 Qf4 37. Rg1+ Kf6 38. Kf1 Qc1+ 39. Kg2 Qb2 40. a4 Qxe2 41. b6 Kf5 42. b7 Qb2 43. Nb5 Qg7+ 44. Kh3 1-0

[Event "Oberwart op"]
[Site "Oberwart"]
[Date "2011.07.13"]
[Round "5"]
[White "Hansen, Kay"]
[Black "Diermair, Andreas"]
[Result "1/2-1/2"]
[WhiteElo "2205"]
[BlackElo "2432"]
[PlyCount "157"]
[EventDate "2011.07.09"]
[EventType "swiss"]
[EventRounds "9"]
[EventCountry "AUT"]
[SourceTitle "CBM 143 Extra"]
[Source "ChessBase"]
[SourceDate "2011.08.29"]
[SourceVersion "1"]
[SourceVersionDate "2011.08.29"]
[SourceQuality "1"]

1. d4 d5 2. Bf4 Nf6 3. e3 c5 4. c3 Nc6 5. h3 Qb6 6. Qb3 c4 7. Qxb6 axb6 8. Nd2 b5 9. a3 b4 10. cxb4 Nxb4 11. Rc1 Nc6 12. Ngf3 e6 13. g4 Be7 14. Bg2 0-0 15. 0-0 b5 16. Ne5 Bb7 17. Rfd1 Nxe5 18. Bxe5 Nd7 19. Bg3 Nb6 20. Rc2 Rfc8 21. f4 Bc6 22. Rb1 Bd6 23. Nf3 f6 24. Be1 Ra4 25. Bc3 Be8 26. Rf2 Bg6 27. Rc1 Ra7 28. Ne1 Be4 29. Nc2 Bxc2 30. Rfxc2 f5 31. gxf5 exf5 32. Be1 Kf7 33. Bf3 Ke6 34. Kf1 Nd7 35. Bh4 Rb8 36. Bd1 Rab7 37. Ra1 Ra8 38. Rac1 b4 39. axb4 Rxb4 40. Rg2 g6 41. b3 Nb6 42. bxc4 Nxc4 43. Re2 Ra3 44. Bf2 h6 45. h4 Kf6 46. Bg1 Kf7 47. Bf2 Rb7 48. Bc2 Re7 49. Rce1 Bb4 50. Rd1 Nxe3+ 51. Bxe3 Raxe3 52. Rxe3 Rxe3 53. Rb1 Bd6 54. h5 gxh5 55. Kf2 Bxf4 56. Bxf5 Kf6 57. Bc2 Rc3 58. Rb6+ Kg5 59. Bb3 Kg4 60. Bxd5 Rc2+ 61. Kg1 h4 62. Be6+ Kf3 63. Rb3+ Be3+ 64. Kh1 Re2 65. Bc4 Rd2 66. Bd5+ Kf4 67. Rc3 Bxd4 68. Rf3+ Kg4 69. Rf1 Be3 70. Bg2 h3 71. Bxh3+ Kg3 72. Bg2 Bf2 73. Rb1 Rd3 74. Ra1 Re3 75. Rd1 Ra3 76. Be4 Ra4 77. Rd3+ Kg4 78. Kg2 Ra2 79. Bd5 1/2-1/2

[Event "AUT-chT2O 1011"]
[Site "Austria"]
[Date "2011.03.13"]
[Round "11.5"]
[White "Hansen, Kay"]
[Black "Wallner, Joachim"]
[Result "0-1"]
[WhiteElo "2247"]
[BlackElo "2294"]
[PlyCount "58"]
[EventDate "2010.10.02"]
[EventType "team-tourn"]
[EventRounds "11"]
[EventCountry "AUT"]
[SourceTitle "EXT 2012"]
[Source "ChessBase"]
[SourceDate "2011.11.24"]
[SourceVersion "1"]
[SourceVersionDate "2011.11.24"]
[SourceQuality "1"]
[WhiteTeam "Niederabsdorf"]
[BlackTeam "Waehring"]
[WhiteTeamCountry "AUT"]
[BlackTeamCountry "AUT"]

1. d4 d5 2. c4 c6 3. Nc3 Nf6 4. e3 a6 5. a4 g6 6. Nf3 Bg7 7. b4 0-0 8. Qb3 Bg4 9. Ne5 Be6 10. Bb2 Nbd7 11. Nxd7 Qxd7 12. c5 Ne4 13. f3 Nxc3 14. Qxc3 f6 15. Be2 Bf5 16. g4 Be6 17. h4 f5 18. g5 f4 19. a5 Rae8 20. 0-0-0 Qc7 21. Rdf1 Bf5 22. Kd1 e5 23. Bc1 Re7 24. Bd3 fxe3 25. Bxe3 exd4 26. Bxd4 Re3 27. Bxg7 Rxd3+ 28. Qxd3 Bxd3 29. Bxf8 Kxf8 0-1

[Event "Niederoesterreich Landesliga 1011"]
[Site "Austria"]
[Date "2011.01.23"]
[Round "9"]
[White "Juhasz, Kristof"]
[Black "Hansen, Kay"]
[Result "1-0"]
[WhiteElo "2268"]
[BlackElo "2230"]
[PlyCount "35"]
[EventDate "2010.09.12"]
[EventType "team-tourn"]
[EventRounds "13"]
[EventCountry "AUT"]
[SourceTitle "EXT 2022"]
[Source "ChessBase"]
[SourceDate "2021.10.06"]
[SourceVersion "1"]
[SourceVersionDate "2021.10.06"]
[SourceQuality "1"]

1. Nf3 d5 2. d4 c6 3. c4 e6 4. e3 Nf6 5. b3 Be7 6. Bd3 0-0 7. Bb2 b6 8. Nc3 dxc4 9. bxc4 Bb7 10. e4 Re8 11. e5 Nfd7 12. Qc2 Nf8 13. 0-0-0 a5 14. Kb1 Na6 15. Be4 Qc8 16. h4 Rb8 17. Ng5 h6 18. Bh7+ 1-0

[Event "Niederoesterreich Landesliga 1011"]
[Site "Austria"]
[Date "2010.11.07"]
[Round "5"]
[White "Hansen, Kay"]
[Black "Weinwurm, Wolfgang"]
[Result "1-0"]
[WhiteElo "2230"]
[BlackElo "2154"]
[PlyCount "147"]
[EventDate "2010.09.12"]
[EventType "team-tourn"]
[EventRounds "13"]
[EventCountry "AUT"]
[SourceTitle "EXT 2022"]
[Source "ChessBase"]
[SourceDate "2021.10.06"]
[SourceVersion "1"]
[SourceVersionDate "2021.10.06"]
[SourceQuality "1"]

1. d4 Nf6 2. Nf3 g6 3. g3 Bg7 4. Bg2 0-0 5. 0-0 d6 6. b3 c5 7. Bb2 cxd4 8. Nxd4 d5 9. Nd2 e5 10. Nb5 a6 11. Na3 Nc6 12. c4 d4 13. Nf3 Re8 14. Qe1 Bg4 15. h3 Bxf3 16. exf3 Qb6 17. Qd2 Rad8 18. Rfe1 Bf8 19. Nc2 Nb4 20. a3 Nxc2 21. Qxc2 a5 22. Rad1 Bg7 23. c5 Qc7 24. Qc4 Rc8 25. Rc1 Qd7 26. f4 exf4 27. Bxd4 fxg3 28. fxg3 Rcd8 29. Bf2 Qc7 30. Qb5 Rxe1+ 31. Rxe1 Rd7 32. Rc1 h5 33. c6 bxc6 34. Rxc6 Qd8 35. Qc4 Rd1+ 36. Bf1 Qd7 37. Rc7 Qe6 38. Kg2 Qe4+ 39. Kg1 Qe6 40. Qxe6 fxe6 41. Re7 Rb1 42. Rxe6 Kf7 43. Re1 Rxe1 44. Bxe1 Bf8 45. Bc4+ Ke8 46. a4 Bc5+ 47. Kg2 Bb6 48. Kf3 g5 49. h4 gxh4 50. gxh4 Bc7 51. Bg3 Bb6 52. Be5 Ng4 53. Bb8 Ke7 54. Bf4 Kf6 55. Ke4 Nf2+ 56. Kd5 Kf5 57. Bg5 Nh3 58. Be7 Bf2 59. Bd3+ Kf4 60. Be2 Ke3 61. Bf1 Nf4+ 62. Kc4 Be1 63. Kb5 Ne6 64. Bh3 Nd4+ 65. Kc4 Nf3 66. Bg5+ Ke2 67. Be6 Nxh4 68. Bf7 Nf5 69. Bxh5+ Kf2 70. Kd3 Ng3 71. Bg4 Nf1 72. Bh3 Ng3 73. Bd2 Bxd2 74. Kxd2 1-0

[Event "AUT-chT2O 1011"]
[Site "Austria"]
[Date "2010.10.31"]
[Round "4.4"]
[White "Ragger, Anna Christina"]
[Black "Hansen, Kay"]
[Result "1-0"]
[WhiteElo "2210"]
[BlackElo "2247"]
[PlyCount "101"]
[EventDate "2010.10.02"]
[EventType "team-tourn"]
[EventRounds "11"]
[EventCountry "AUT"]
[SourceTitle "EXT 2011"]
[Source "ChessBase"]
[SourceDate "2010.11.26"]
[SourceVersion "1"]
[SourceVersionDate "2010.11.26"]
[SourceQuality "1"]
[WhiteTeam "Wulkaprodersdorf"]
[BlackTeam "Niederabsdorf"]
[WhiteTeamCountry "AUT"]
[BlackTeamCountry "AUT"]

1. e4 d5 2. exd5 Nf6 3. d4 Nxd5 4. Nf3 c6 5. c4 Nf6 6. Nc3 Bg4 7. Be2 e6 8. 0-0 Be7 9. Be3 0-0 10. Ne5 Bxe2 11. Qxe2 Nbd7 12. Rad1 Bb4 13. Rd3 Bxc3 14. Rxc3 h6 15. Bf4 Kh7 16. Qc2+ Kh8 17. Rh3 Nxe5 18. dxe5 Ng8 19. Rd1 Qa5 20. Ra3 Qc5 21. h3 Rad8 22. Rxd8 Rxd8 23. Be3 Qxe5 24. Rxa7 Rd7 25. Qb3 Qc7 26. g3 Ne7 27. Bb6 Qe5 28. Ra8+ Kh7 29. Rd8 Qe1+ 30. Kg2 Rxd8 31. Bxd8 Nf5 32. Qd3 Kg8 33. g4 Qe5 34. gxf5 exf5 35. b3 f4 36. a4 f6 37. Bb6 Qg5+ 38. Kh2 Qh5 39. b4 Qe5 40. Qd8+ Kf7 41. Qc7+ Ke6 42. Qxe5+ fxe5 43. f3 e4 44. fxe4 Ke5 45. a5 Kxe4 46. b5 cxb5 47. cxb5 Kd5 48. h4 g5 49. h5 Kd6 50. Kh3 Kd5 51. Kg4 1-0

[Event "AUT-chT2O 1011"]
[Site "Austria"]
[Date "2010.10.30"]
[Round "3.5"]
[White "Wiedner, Robert"]
[Black "Hansen, Kay"]
[Result "1/2-1/2"]
[WhiteElo "2189"]
[BlackElo "2247"]
[PlyCount "175"]
[EventDate "2010.10.02"]
[EventType "team-tourn"]
[EventRounds "11"]
[EventCountry "AUT"]
[SourceTitle "EXT 2011"]
[Source "ChessBase"]
[SourceDate "2010.11.26"]
[SourceVersion "1"]
[SourceVersionDate "2010.11.26"]
[SourceQuality "1"]
[WhiteTeam "Wiener Neustadt"]
[BlackTeam "Niederabsdorf"]
[WhiteTeamCountry "AUT"]
[BlackTeamCountry "AUT"]

1. Nf3 d5 2. g3 c6 3. Bg2 Nf6 4. 0-0 Bf5 5. d3 h6 6. Re1 e6 7. Nbd2 Be7 8. Ne5 0-0 9. e4 Bh7 10. h3 Qc7 11. Ng4 Nbd7 12. f4 Nxg4 13. hxg4 dxe4 14. Nxe4 Nf6 15. Be3 Nd5 16. Bf2 Rad8 17. Qe2 Rfe8 18. Bf3 f6 19. Kg2 c5 20. Rh1 f5 21. Nd2 Bf6 22. Nc4 b5 23. Ne5 Bxe5 24. fxe5 Rf8 25. Rae1 f4 26. Qd2 c4 27. d4 c3 28. bxc3 fxg3 29. Kxg3 Qxc3 30. Qxc3 Nxc3 31. Re3 b4 32. a3 a5 33. axb4 axb4 34. Rc1 Rf7 35. Be1 Nb5 36. d5 Nd4 37. dxe6 Rxf3+ 38. Rxf3 Ne2+ 39. Kf2 Nxc1 40. e7 Re8 41. Bxb4 Bg6 42. Rf8+ Kh7 43. Bd6 Na2 44. c4 Nc1 45. Ke3 Nb3 46. c5 Na5 47. Kf4 Nc6 48. Kg3 h5 49. g5 Nd4 50. Kf4 Ne6+ 51. Ke3 h4 52. c6 h3 53. Kf2 h2 54. Kg2 Be4+ 55. Kxh2 Bxc6 56. Kg3 Nxg5 57. Kg4 Kg6 58. Kg3 Ne6 59. Kg4 Ng5 60. Ba3 Ne4 61. Bb4 Bb5 62. Kf4 Ng5 63. Kg4 Nf7 64. Kf4 Bc6 65. e6 Nh6 66. Ke5 Ng4+ 67. Kd6 Ba4 68. Rf4 Nf6 69. Bc3 Ra8 70. Bxf6 Ra6+ 71. Kc7 Be8 72. Bd4 Rxe6 73. Kd8 Bb5 74. Bb2 Rd6+ 75. Kc8 Rc6+ 76. Kb7 Re6 77. Rg4+ Kf7 78. Rxg7+ Ke8 79. Ba3 Ba4 80. Rg4 Bd7 81. Rg8+ Kf7 82. Rf8+ Kg7 83. Kc7 Bb5 84. Rb8 Ba4 85. Ra8 Bb5 86. Ra5 Be8 87. Kd8 Bg6 88. Bb2+ 1/2-1/2

[Event "Niederoesterreich Landesliga 0910"]
[Site "Austria"]
[Date "2010.02.21"]
[Round "9"]
[White "Gruszka, Herbert"]
[Black "Hansen, Kay"]
[Result "0-1"]
[WhiteElo "1995"]
[BlackElo "2235"]
[PlyCount "68"]
[EventDate "2009.09.06"]
[EventType "team-tourn"]
[EventRounds "11"]
[EventCountry "AUT"]
[SourceTitle "EXT 2022"]
[Source "ChessBase"]
[SourceDate "2021.10.06"]
[SourceVersion "1"]
[SourceVersionDate "2021.10.06"]
[SourceQuality "1"]

1. e4 c6 2. d4 d5 3. exd5 cxd5 4. c4 Nf6 5. Nc3 Nc6 6. c5 e5 7. Bb5 exd4 8. Qxd4 Bd7 9. Bxc6 bxc6 10. Nf3 Be7 11. 0-0 0-0 12. Ne5 Re8 13. Re1 a5 14. Bd2 Qc7 15. Nd3 Bf5 16. Bf4 Qa7 17. Rxe7 Qxe7 18. Bd6 Qb7 19. f3 Bxd3 20. Qxd3 Re6 21. b3 Rae8 22. Kf2 Qb4 23. a3 Qxb3 24. Qd2 d4 25. Nd1 Qe3+ 26. Qxe3 dxe3+ 27. Ke2 Nd5 28. g3 g5 29. Rb1 Rh6 30. h4 gxh4 31. gxh4 Rg6 32. Rb8 Rg2+ 33. Ke1 Rxb8 34. Bxb8 Ra2 0-1

[Event "Niederoesterreich Landesliga 0910"]
[Site "Austria"]
[Date "2009.11.22"]
[Round "5"]
[White "Danner, Georg"]
[Black "Hansen, Kay"]
[Result "1-0"]
[WhiteElo "2415"]
[BlackElo "2235"]
[PlyCount "68"]
[EventDate "2009.09.06"]
[EventType "team-tourn"]
[EventRounds "11"]
[EventCountry "AUT"]
[SourceTitle "EXT 2022"]
[Source "ChessBase"]
[SourceDate "2021.10.06"]
[SourceVersion "1"]
[SourceVersionDate "2021.10.06"]
[SourceQuality "1"]

1. d4 d5 2. Nf3 c6 3. c4 Nf6 4. e3 g6 5. Nc3 Bg7 6. Bd3 0-0 7. 0-0 Bg4 8. h3 Bxf3 9. Qxf3 e6 10. Rd1 Nbd7 11. b3 Re8 12. Bb2 Qe7 13. Rd2 e5 14. Bf1 exd4 15. exd4 Qb4 16. Rad1 dxc4 17. bxc4 Nb6 18. Qd3 Rad8 19. Ba1 Qe7 20. Qb1 Rd7 21. a4 Qd8 22. a5 Nc8 23. a6 b6 24. d5 Ne7 25. Qa2 Qc8 26. dxc6 Rxd2 27. Qxd2 Nxc6 28. Nd5 Nd7 29. Bxg7 Kxg7 30. Qc3+ f6 31. g4 h6 32. h4 Ne7 33. g5 hxg5 34. hxg5 Qc6 1-0

[Event "Niederoesterreich Landesliga 0809"]
[Site "Austria"]
[Date "2008.11.16"]
[Round "4"]
[White "Hansen, Kay"]
[Black "Janetschek, Karl"]
[Result "1/2-1/2"]
[WhiteElo "2211"]
[BlackElo "2244"]
[PlyCount "20"]
[EventDate "2008.09.28"]
[EventType "team-tourn"]
[EventRounds "11"]
[EventCountry "AUT"]
[SourceTitle "EXT 2022"]
[Source "ChessBase"]
[SourceDate "2021.10.06"]
[SourceVersion "1"]
[SourceVersionDate "2021.10.06"]
[SourceQuality "1"]

1. d4 Nf6 2. Nf3 d6 3. c4 Bg4 4. Qb3 Qc8 5. Bf4 Nc6 6. Nbd2 g6 7. h3 Bxf3 8. Nxf3 Bg7 9. e3 0-0 10. Be2 Nd7 1/2-1/2

[Event "Niederoesterreich Landesliga 0708"]
[Site "Austria"]
[Date "2008.03.09"]
[Round "10"]
[White "Rosenauer, Harald"]
[Black "Hansen, Kay"]
[Result "0-1"]
[WhiteElo "1981"]
[BlackElo "2193"]
[PlyCount "122"]
[EventDate "2007.09.16"]
[EventType "team-tourn"]
[EventRounds "13"]
[EventCountry "AUT"]
[SourceTitle "EXT 2022"]
[Source "ChessBase"]
[SourceDate "2021.10.06"]
[SourceVersion "1"]
[SourceVersionDate "2021.10.06"]
[SourceQuality "1"]

1. Nf3 d5 2. c4 e6 3. b3 Nf6 4. Bb2 Be7 5. g3 0-0 6. Bg2 b6 7. 0-0 Bb7 8. d3 c5 9. e3 Nc6 10. Nbd2 Qc7 11. a3 Rac8 12. Rc1 Qb8 13. Qc2 Rfd8 14. Qb1 Rd7 15. cxd5 Rxd5 16. d4 cxd4 17. exd4 Rcd8 18. Rxc6 Bxc6 19. Ne5 Bb7 20. Bxd5 Bxd5 21. Rc1 Rc8 22. Rxc8+ Qxc8 23. Qc1 Qb7 24. Qc2 h5 25. Ndc4 Be4 26. Qc1 g6 27. a4 Qd5 28. Nd2 Bd6 29. Nec4 Bf8 30. Ne3 Qc6 31. Qxc6 Bxc6 32. Nec4 Ne4 33. Nxe4 Bxe4 34. Kf1 Bc2 35. Nd2 Bb4 36. Ke2 Kf8 37. f3 Ke7 38. Ke3 Kd8 39. g4 a5 40. gxh5 gxh5 41. Ne4 Bxb3 42. Nf6 h4 43. Kf4 Bxa4 44. Kg4 Be1 45. d5 Bd1 46. Bd4 Kc7 47. Be5+ Kc8 48. d6 Ba4 49. Bd4 Bc6 50. Bxb6 Bc3 51. Kg5 h3 52. f4 Bb4 53. Ng4 a4 54. Ne5 Be8 55. Kf6 Bxd6 56. f5 exf5 57. Kxf5 Bd7+ 58. Ke4 f6 59. Nf3 Bc6+ 60. Ke3 Bxf3 61. Kxf3 a3 0-1

[Event "Niederoesterreich Landesliga 0708"]
[Site "Austria"]
[Date "2008.01.20"]
[Round "8"]
[White "Wadsack, Wolfgang"]
[Black "Hansen, Kay"]
[Result "1/2-1/2"]
[WhiteElo "2210"]
[BlackElo "2193"]
[PlyCount "32"]
[EventDate "2007.09.16"]
[EventType "team-tourn"]
[EventRounds "13"]
[EventCountry "AUT"]
[SourceTitle "EXT 2022"]
[Source "ChessBase"]
[SourceDate "2021.10.06"]
[SourceVersion "1"]
[SourceVersionDate "2021.10.06"]
[SourceQuality "1"]

1. e4 c6 2. d4 d5 3. exd5 cxd5 4. c4 Nf6 5. Nc3 Nc6 6. Bg5 dxc4 7. Bxc4 e6 8. Nf3 Be7 9. 0-0 0-0 10. Re1 b6 11. d5 Nxd5 12. Bxd5 exd5 13. Qxd5 Qxd5 14. Nxd5 Bxg5 15. Nxg5 Bb7 16. Rac1 Rfe8 1/2-1/2

[Event "Niederoesterreich Landesliga 0708"]
[Site "Austria"]
[Date "2007.12.16"]
[Round "7"]
[White "Ebner, Johann"]
[Black "Hansen, Kay"]
[Result "0-1"]
[WhiteElo "2042"]
[BlackElo "2193"]
[PlyCount "77"]
[EventDate "2007.09.16"]
[EventType "team-tourn"]
[EventRounds "13"]
[EventCountry "AUT"]
[SourceTitle "EXT 2022"]
[Source "ChessBase"]
[SourceDate "2021.10.06"]
[SourceVersion "1"]
[SourceVersionDate "2021.10.06"]
[SourceQuality "1"]

1. d4 d5 2. c4 e6 3. Nc3 Be7 4. Nf3 Nf6 5. cxd5 exd5 6. Bg5 0-0 7. e3 c6 8. Qc2 a5 9. Bd3 Nbd7 10. 0-0 Re8 11. a3 Ne4 12. Bxe7 Qxe7 13. Rae1 Nf8 14. Nd2 Bf5 15. f3 Nxd2 16. Qxd2 Bxd3 17. Qxd3 Ne6 18. e4 dxe4 19. fxe4 Rad8 20. d5 Nc7 21. Rd1 Rd6 22. Qg3 cxd5 23. exd5 Qe5 24. Qf2 Qe3 25. Qxe3 Rxe3 26. Rf4 Kf8 27. Rc4 Re7 28. Rc5 b6 29. Rc6 Red7 30. Rxd6 Rxd6 31. Kf2 Ke7 32. Ke3 Rg6 33. Rd2 Ne8 34. Kd4 Nd6 35. b3 Rh6 36. Re2+ Kd7 37. Rd2 Rh4+ 38. Kd3 b5 39. Re2 0-1

[Event "Niederoesterreich Landesliga 0708"]
[Site "Austria"]
[Date "2007.09.16"]
[Round "1"]
[White "Woeber, Friedrich"]
[Black "Hansen, Kay"]
[Result "0-1"]
[WhiteElo "2103"]
[BlackElo "2193"]
[PlyCount "56"]
[EventDate "2007.09.16"]
[EventType "team-tourn"]
[EventRounds "13"]
[EventCountry "AUT"]
[SourceTitle "EXT 2022"]
[Source "ChessBase"]
[SourceDate "2021.10.06"]
[SourceVersion "1"]
[SourceVersionDate "2021.10.06"]
[SourceQuality "1"]

1. e4 c6 2. d4 d5 3. Nc3 b5 4. a3 a6 5. Nf3 Bg4 6. Be2 e6 7. 0-0 Nf6 8. Ne5 Bxe2 9. Qxe2 Be7 10. Rd1 0-0 11. Ng4 Nxe4 12. Nxe4 dxe4 13. Qxe4 Qd5 14. f3 Nd7 15. Qe2 Rfd8 16. Bf4 Rac8 17. b3 Qh5 18. c4 bxc4 19. bxc4 Qa5 20. a4 h5 21. Ne5 Nf6 22. Bd2 Bb4 23. Bg5 Bc3 24. Rab1 Bxd4+ 25. Rxd4 Rxd4 26. Bxf6 gxf6 27. Nxf7 Kxf7 28. Rb7+ Rc7 0-1

[Event "Niederoesterreich Landesliga 0607"]
[Site "Austria"]
[Date "2006.11.12"]
[Round "5"]
[White "Hansen, Kay"]
[Black "Stanivukovic, Drago"]
[Result "1-0"]
[WhiteElo "2180"]
[BlackElo "2093"]
[PlyCount "85"]
[EventDate "2006.09.17"]
[EventType "team-tourn"]
[EventRounds "11"]
[EventCountry "AUT"]
[SourceTitle "EXT 2022"]
[Source "ChessBase"]
[SourceDate "2021.10.06"]
[SourceVersion "1"]
[SourceVersionDate "2021.10.06"]
[SourceQuality "1"]

1. d4 Nf6 2. Bg5 Ne4 3. Bh4 c5 4. f3 Qa5+ 5. c3 Nd6 6. dxc5 Qxc5 7. Nd2 Nc6 8. e4 Qe3+ 9. Ne2 Ne5 10. Qc2 Nd3+ 11. Kd1 e5 12. Nc1 Nf2+ 13. Bxf2 Qxf2 14. Nd3 Qh4 15. Nxe5 b5 16. g3 Qd8 17. a4 f6 18. Ng4 Qb6 19. e5 fxe5 20. Nxe5 Qc5 21. Bxb5 Nxb5 22. Re1 Be7 23. axb5 0-0 24. b4 Qxb5 25. Qb3+ d5 26. Ra5 Qb7 27. Qxd5+ Qxd5 28. Rxd5 Be6 29. Ng6 hxg6 30. Rxe6 Bf6 31. Ne4 Rfd8 32. Rdd6 Kf7 33. Nxf6 Rxd6+ 34. Rxd6 gxf6 35. Kc2 a5 36. b5 Ke7 37. Ra6 Rh8 38. h4 Rh5 39. Rxa5 Re5 40. Kd3 Rd5+ 41. Kc4 Rd2 42. b6 Kd6 43. Rb5 1-0

[Event "Amsterdam ACT op 2nd"]
[Site "Amsterdam"]
[Date "2005.07.17"]
[Round "2"]
[White "Bellin, Robert"]
[Black "Hansen, Kay"]
[Result "1-0"]
[WhiteElo "2399"]
[BlackElo "2205"]
[PlyCount "54"]
[EventDate "2005.07.16"]
[EventType "swiss"]
[EventRounds "9"]
[EventCountry "NED"]
[SourceTitle "CBM 107 Extra"]
[Source "ChessBase"]
[SourceDate "2005.09.01"]
[SourceVersion "1"]
[SourceVersionDate "2005.09.01"]
[SourceQuality "1"]

1. e4 c6 2. d4 d5 3. Nc3 b5 4. e5 e6 5. Be3 b4 6. Na4 Ba6 7. Bd3 Ne7 8. Nc5 Bxd3 9. Nb7 Qc7 10. Nd6+ Kd7 11. Qxd3 f5 12. g4 g6 13. Nf3 fxg4 14. Ng5 h6 15. Ndf7 Rg8 16. Nh7 Nf5 17. Nf6+ Kc8 18. Nxh6 Bxh6 19. Nxg8 Bxe3 20. fxe3 Qh7 21. Nf6 Qh3 22. 0-0-0 Qxe3+ 23. Qxe3 Nxe3 24. Rd3 Nf5 25. Rg1 Nd7 26. Rxg4 Nf8 27. Rh3 Kb7 1-0

[Event "Berlin op 03"]
[Site "Berlin"]
[Date "2005.03.30"]
[Round "5"]
[White "Hansen, Kay"]
[Black "Boettcher, Patrick"]
[Result "1-0"]
[WhiteElo "2193"]
[BlackElo "1942"]
[PlyCount "45"]
[EventDate "2005.03.25"]
[EventType "swiss"]
[EventRounds "9"]
[EventCountry "GER"]
[SourceTitle "EXT 2007"]
[Source "ChessBase"]
[SourceDate "2006.11.23"]
[SourceVersion "1"]
[SourceVersionDate "2006.11.23"]
[SourceQuality "1"]

1. d4 Nf6 2. Bg5 e6 3. Nd2 h6 4. Bh4 d5 5. e3 c5 6. c3 Be7 7. Ngf3 Qb6 8. Qc2 Bd7 9. a4 Nc6 10. dxc5 Qxc5 11. Nb3 Qb6 12. Nbd4 a6 13. Be2 Rc8 14. 0-0 0-0 15. Bd3 Nb4 16. Qb3 e5 17. Nxe5 Qc7 18. Nxd7 Nxd3 19. Nxf6+ Bxf6 20. Bxf6 gxf6 21. Qxd5 Nxb2 22. Qh5 Qe5 23. Nf5 1-0